Responses for Show #4108 - Wednesday, June 12, 2002

Contestants

[<< previous game]

Julie Sandel, a high school teacher from Dallas, Texas

Doug Trazzare, a market planning manager from Los Angeles, California

Rich Rosenlof, a sales representative from Sacramento, California (whose 1-day cash winnings total $37,400)

[next game >>]

Jeopardy! Round responses

STATE LICENSE PLATES
MUSIC
THE DUCHESS OF WINDSOR
FIRST OF THE MONTH
ARCHAEOLOGY
CELESTIAL QUOTES
    $200 1
Florida

Julie
    $200 11
Tom Jones

Julie
    $200 23
(Julie: What is Philadelphia?)
(Doug: What is Fort McHenry?)

Baltimore

RichDougJulie
    $200 2
April

Rich
    $200 12
earthquake

Doug
    $200 15
Aquarius

Rich
    $800 4
South Dakota

Doug
    $400 13
R.E.M.

Julie
    $400 27
thin

Julie
    $400 3
May

Doug
    $400 14
Hawaii

Julie
    $400 22
the sun

Doug
    $600 5
(Julie: What is Roanoke?)

Jamestown

RichJulie
    $600 19
something to talk about

Doug
    $600 28
Time

Julie
    $600 8
...
(Alex: The Rose Parade.)

January

Rich
    $600 16
camel

Rich
    $600 24
a star

Rich
    $800 6
(Doug: What is Florida?)

South Carolina

RichDoug
    $800 20
Duran Duran

Rich
    $800 29
France

Doug
    $800 9
February

Julie
    $800 17
Denmark

Rich
    $800 25
Rainbow

Julie
    $1000 7
(Doug: What is Missouri?)

Indiana

Doug
Triple Stumper
    $1000 21
(Rich: What is the Spin Doctors?)

EMF

Rich
Triple Stumper
    $1000 30
Simpson

Doug
    $1000 10
November

Rich
    $1000 18
Carthage

Doug
    $1000 26
....
(Alex: Correct. Ella Fitzgerald performing.)
[The song was not played again heading into the break.]

"It's Only a Paper Moon"

Doug

Scores at the first commercial break (after clue 15):

Rich Doug Julie
$3,400 -$400 $1,400

Scores at the end of the Jeopardy! Round:

Rich Doug Julie
$5,400 $4,200 $3,000

Double Jeopardy! Round responses

CHEMISTRY
JAZZMEN'S INSTRUMENTS
(Alex: You identify the instrument most associated with the person I will name.)
I'M GAME
OLD MONEY
WORLD THEATRE
MAMMALS
    $400 8
electrons

Rich
    $400 26
drums

Doug
    $400 19
21

Rich
    $400 2
shekels

Rich
    $400 4
Lenin

Julie
    $400 1
bats

Doug
    $800 9
distillation

Rich
    $800 27
saxophone

Doug
    $800 22
pick-up sticks

Rich
    $800 13
sequin

Doug
    $800 14
Ontario

Triple Stumper
    $800 3
orangutan

Doug
    $1200 10
H2

Rich
    $1200 30
vibes

Triple Stumper
    $1200 23
1927

Rich
    $1200 18
(Doug: What's a doubloon?)

piece of eight

Doug
Triple Stumper
    $1200 15
Dickens

Julie
    $1200 5
(Doug: What's a tiger?)

bear

RichDoug
    $4,000 11
acids

Rich
    $1600 28
Clarinet

Julie
    $1600 24
poker

Julie
    $4,000 20
(Rich: I don't know.)

denarius

Rich
    $1600 16
kabuki

Rich
    $1600 6
whales

Triple Stumper
    $2000 12
...
(Alex: You did well in chemistry.)

heat

Rich
    $2000 29
(Doug: What is trumpet?)

double bass

Doug
Triple Stumper
    $2000 25
...
(Alex: With a minute to go now to deal with Jazzmen's Instruments.)

Farsi

Rich
    $2000 21
florin

Julie
    $2000 17
(Doug: Who is Aeschylus?)
(Julies: Who is Euripides?)

Sophocles

DougJulie
Triple Stumper
    $2000 7
Galapagos Islands

Rich

Scores at the end of the Double Jeopardy! Round:

Rich Doug Julie
$19,400 $1,000 $7,800
(lock game)

[wagering suggestions for these scores]

Final Jeopardy! Round responses

FANTASY FILMS
(Alex: [To Doug] You are correct although you wrote "Siscorhands". We don't penalize you for misspelled words.)
DougWhat was "Edward Siscorhands"?
$988
JulieWhat is Edward Scissorhands?
$7,799
RichWhat is Edward Scissorhands?
$3,000
Edward Scissorhands

Final scores:

Rich Doug Julie
$22,400 $1,988 $15,599
2-day champion: $59,800 3rd place: $1,000 2nd place: $2,000

Game dynamics:

Coryat scores:

Rich Doug Julie
$21,000 $600 $7,800
24 R
(including 1 DD),
2 W
(including 1 DD)
14 R
(including 1 DD),
7 W
13 R,
3 W

Combined Coryat: $29,400

[game clues] [game scores] [suggest correction]

Game tape date: 2002-02-19
The J! Archive is created by fans, for fans. Scraping, republication, monetization, and malicious use prohibited; this site may use cookies and collect identifying information. See terms. The Jeopardy! game show and all elements thereof, including but not limited to copyright and trademark thereto, are the property of Jeopardy Productions, Inc. and are protected under law. This website is not affiliated with, sponsored by, or operated by Jeopardy Productions, Inc. Join the discussion at JBoard.tv.